00678nam a2200241 a 4500001001300000003000900013005001700022008004100039020001000080082001900090100002200109245002200131260003600153300000900189500003500198505001000233650002200243700002200265902000800287942000700295952011900302999001500421nice12345678IN_TiNIC20260116012011.0050524s0000 hyda grp 000 0 urd  ac10000a500.80297bWAJ aWajeehuddin, Mohd aKaainat Ki Kahani aHyderabadbHyder and Sonsc0000 a162p aincludes index and biblioraphy2 aIndex aIslam and Science1 aWajeehuddin, Mohd bSRS cBK 001040708StackRoom-aHMIbHMId2007-06-11g100.00l0o500.80297 WAJp08719r2007-06-11v100.00w2005-05-24yBK c5230d5230